LEADER 01381nam a22002055a 4500
001 CEM.cems018598
008 130507b2000##################000#0#####d
005 20231108102508.0
245 1 0 |a Ciencias sociales: 7 /  |c Omar Tobío, Leticia Piacenza. 
260 |a Buenos Aires,  |c 2000 :  |b Kapelusz. 
300 |a 328p. ; il , 25 cm. 
490 0 |a Recorridos 
505 0 |a Ciencias Sociales -- Ciencias Naturales -- Las sociedades y organización -- Redifinición de territorios -- Actividades económicas -- Globalización -- Población y sociedad -- Geografía de la pobreza -- Problemas ambientales -- El hombre y primera sociedades -- Primeras civilizaciones -- Antiguedad clásica -- Sociedades Mediavales -- Mundo feudo -- burgues -- Normas reglas y leyes 
020 |a 9501308820 
100 1 |a Tobío, Omar 
082 0 4 |a 302 
600 1 4 |a Piacenza, Leticia 
653 |a Ciencias sociales / ciencias naturales / las sociedades y organización / redifinición de territorios / actividades económicas / globalización / población y sociedad / geografía de la pobreza / problemas ambientales / el hombre y primera sociedades / primeras civilizaciones / antiguedad clásica / sociedades mediavales / mundo feudo / burgues / normas reglas y leyes 
859 |a CEMS  |b BIB. CEMS - Agricultura  |h 302  |i T554  |p A2965.17  |t Ej.1  |v 7  |3 7 
859 |a CEMS  |b BIB. CEMS - Agricultura  |h 302  |i T554  |p A3631.23  |t Ej.2  |v 7  |3 7